=LDR 00000nam 2200000 4500 =001 INLIS000000000003973 =005 20200929082523 =035 ##$$a 0010-061300000003973 =008 200929################g##########0#ind## =041 ##$$a Ind =082 ##$$a 306. 159 84 =090 ##$$a 911.598 4, Riw k =100 ##$$a Riwut, Tjilik =245 1#$$a Kalimantan membangun alam dan kebudayaan /$c Tjilik Riwut =260 ##$$a Yogyakarta :$b Tiara Wacana Yogya,$c 1993 =300 ##$$a xxvi, 512 hlm : $b Ilus ; $c 21 x 14 cm =650 #4$$a Kalimantan =650 #4$$a Geografi =850 ##$$a NBPNMAT =020 ##$$a 979-8120-58-2 =084 ##$$a 306. 159 84 RIW k =520 ##$$a Bibliografi: halaman 483-486 =990 ##$$a 82.206/pro.95 =990 ##$$a 82.205/pro.95 =990 ##$$a 82.207/pro.95 =990 ##$$a 82.206/pro.95